00483pab a2200157 454500008003600000100001600036245004000052650001300092650001300105650002000118700001600138773003900154909001000193999001700203952010500220180718b xxu||||| |||| 00| 0 eng d aSingh, S.P. aHousing scenario in India: a review a Shelter a Housing aHousing - India aSingh, S.V. aIndian Journal of Regional Science a23044 c23044d23044 00104070aIIPAbIIPAd2018-07-19hIssue no: 24(2) 92, p.73-83pAR23113r2018-07-19w2018-07-19yAR